[Event "Linares"]
[Site "1"]
[Date "1978.??.??"]
[Round "?"]
[White "Eslon, Jaan"]
[Black "Pacheco, V."]
[Result "1-0"]
[WhiteElo "2365"]
[BlackElo "2200"]
[Annotator "JvR"]
[PlyCount "91"]
[EventDate "1978.??.??"]

{The first Linares tournament was a master event. I have analysed one game of
the winner, Jaan Eslon.  Jan van Reek.} 1. e4 Nf6 2. e5 Nd5 3. d4 d6 4. Nf3 g6
5. c4 Nb6 6. exd6 cxd6 7. h3 Bg7 8. Nc3 O-O 9. Be3 Nc6 10. Rc1 e6 $5 11. Be2 d5
12. c5 Nd7 $6 ({Black should have taken the risk of} 12... Nc4 $5 13. Bxc4 dxc4
14. O-O Qa5) 13. O-O Ne7 14. Bf4 a6 15. Bd3 Nf6 16. b4 Nc6 17. a3 Re8 18. Bh2
Nh5 19. Bb1 Bh6 20. Rc2 Bf4 21. Ne2 $6 Bxh2+ 22. Nxh2 Ng7 $6 23. Rd2 Na7 $6 {
Noncommital chess is played on both sides.} 24. Qb3 b5 $6 25. f4 $6 ({An
attack is started by} 25. cxb6 Qxb6 26. Ng4 Qd8 27. Qf3) 25... Nc6 26. Nf3 f6
27. g4 Bd7 28. g5 f5 $2 29. Ne5 Nxe5 30. dxe5 Bc6 31. Nd4 $1 {Blockade can be
applied after a blunder.} Qd7 32. Bd3 Nh5 33. Be2 Ng7 34. Bf3 Red8 35. h4 Kf8
36. Rh2 a5 37. h5 axb4 ({The natural} 37... a4 38. Qc2 Kf7 39. hxg6+ hxg6 40.
Rh7 Rh8 41. Qh2 Rxh7 42. Qxh7 {will lead to the fall of pawn g6.}) 38. axb4 Kf7
39. Qb2 Rh8 40. Ra1 Rxa1+ 41. Qxa1 Ra8 42. hxg6+ hxg6 43. Ra2 Rxa2 44. Qxa2 Ne8
45. Qa6 Bb7 46. Qb6 {Pawn b5 cannot be defended.} 1-0

[Event "Linares"]
[Site "2"]
[Date "1979.??.??"]
[Round "?"]
[White "Christiansen, Larry"]
[Black "Castro, Oscar"]
[Result "1-0"]
[WhiteElo "2475"]
[BlackElo "2430"]
[Annotator "JvR"]
[PlyCount "55"]
[EventDate "1979.??.??"]

{The second event was a small grandmaster tournament. Larry Christiansen
became the winner.} 1. d4 f5 2. g3 g6 3. Bg2 Bg7 4. c4 d6 5. Nc3 c6 6. e4 Nh6
$5 7. exf5 Nxf5 8. Nf3 O-O 9. O-O Kh8 $6 {Black loses time.} 10. g4 Nh6 11. h3
Na6 $6 ({Better is} 11... Nf7 12. Be3 e5) 12. Re1 Nf7 13. Bf4 $1 e6 14. Qd2 c5
15. dxc5 Nxc5 16. Rad1 {Christiansen demonstrates his solid style.} Qa5 $2 ({
Black has to conquer e5 by} 16... e5 $1 17. Be3 Qa5) 17. Nb5 $5 Qxd2 18. Rxd2
e5 19. Be3 Ne4 20. Rdd1 Bd7 21. Nd2 a6 22. Nxe4 axb5 23. Nxd6 Be6 24. cxb5 Rxa2
25. Nxf7+ Bxf7 26. Bxb7 Rxb2 27. b6 h5 28. Rb1 1-0

[Event "Linares"]
[Site "2"]
[Date "1979.??.??"]
[Round "?"]
[White "Christiansen, Larry"]
[Black "Kortschnoj, Viktor"]
[Result "0-1"]
[WhiteElo "2475"]
[BlackElo "2695"]
[Annotator "JvR"]
[PlyCount "134"]
[EventDate "1979.??.??"]

1. Nf3 Nf6 2. g3 d5 3. Bg2 c5 4. O-O Nc6 5. d4 cxd4 6. Nxd4 e6 7. c4 Bc5 8. Nb3
Bb6 9. cxd5 Nxd5 10. Nc3 Nxc3 11. bxc3 Qxd1 12. Rxd1 Bd7 13. Ba3 O-O-O 14. c4
Bc7 15. Rab1 Be8 16. Rxd8+ Nxd8 17. Nd4 Bc6 18. Bxc6 Nxc6 19. Nxc6 bxc6 {The
lesser player hopes for a quick draw, but the star goes on.} 20. Rd1 h5 21. h3
f5 22. Be7 Re8 23. Bg5 Bb6 24. Kg2 Kc7 25. Bd2 Bc5 26. Bc3 e5 27. h4 g6 28. e3
Kb6 29. Rb1+ Ka6 30. Kf3 Bd6 31. Ke2 e4 32. Rd1 Be5 $5 33. Bd4 ({Christiansen
avoids the risky} 33. Bxe5 $5 Rxe5 34. Rd6 Rc5 35. Rxg6 Rxc4) 33... Bc7 34. Kd2
Rd8 35. Kc2 Bb6 36. Rd2 Ba5 37. Rd1 Rd7 38. Rf1 c5 39. Bc3 $2 (39. Bxc5 Rd2+
40. Kb3 Rd3+ 41. Kb2 {achieves the desired draw.}) 39... Bb4 40. Rb1 Ka5 41. a3
Bxc3 42. Rb5+ Ka4 43. Kxc3 Rd3+ 44. Kb2 $2 ({The subtle manoeuvre} 44. Kc2 $1
Rxa3 45. Kb2 Rd3 46. Kc2 Rd7 47. Kc3 $1 {seems to hold the game.}) 44... Rd2+
45. Kc3 Rxf2 46. Rxc5 Ra2 47. Rc6 Rxa3+ 48. Kd4 Rd3+ 49. Ke5 Rxe3 50. Rxg6 Rf3
51. c5 Kb5 52. c6 Kb6 53. Kd6 Rd3+ 54. Ke5 e3 55. Kxf5 Rd5+ 56. Kf4 Re5 $1 {
Kortschnoj decides the game with a nice combination.} 57. Kxe5 e2 58. Kd6 e1=Q
59. Kd7 Qd1+ 60. Kc8 Qc2 61. Rf6 Qxc6+ 62. Rxc6+ Kxc6 63. g4 hxg4 64. h5 g3 65.
h6 g2 66. h7 g1=Q 67. h8=Q Qg4+ {Kortschnoj defeated his main rival but lost
two other games.} 0-1

[Event "Linares"]
[Site "3"]
[Date "1981.??.??"]
[Round "1"]
[White "Christiansen, Larry"]
[Black "Spassky, Boris"]
[Result "1-0"]
[WhiteElo "2515"]
[BlackElo "2635"]
[Annotator "JvR"]
[PlyCount "61"]
[EventDate "1981.??.??"]

{We follow the games of Christiansen and Karpov.  Jan van Reek} 1. d4 d5 2. c4
e6 3. Nc3 Nf6 4. cxd5 exd5 5. Bg5 Be7 6. e3 O-O 7. Bd3 Nbd7 8. Nge2 Re8 9. Qc2
Nf8 10. h3 c6 11. g4 {Christiansen is not intimidated by his opponent and
plays his own game.} Bd7 12. O-O-O Rc8 13. Kb1 b5 14. Nf4 $1 a5 15. Bf5 a4 {
Both sides advance towards the hostile king.} 16. Nd3 Bxf5 $5 17. gxf5 N8d7 $2
(17... Ne4 $1 18. Bxe7 Nxc3+ 19. Qxc3 Qxe7 {makes useful exchanges for the
defender.}) 18. Rhg1 Bf8 19. Rg2 c5 $6 ({Preferable is} 19... Kh8 20. Rdg1 a3)
20. dxc5 Nxc5 21. Nxc5 Rxc5 22. Qd3 Kh8 $6 (22... b4 $5 {counterattacks.}) 23.
Ne4 $1 {A brilliant combination decides the game.} Rxe4 24. Qxe4 Qc8 25. Qd3
Ne4 26. f3 Nxg5 27. Rxg5 Be7 28. f6 $1 Bxf6 29. Rxd5 h6 30. Rxc5 Qxc5 31. Rc1 {
It looked like Spassky handled the white pieces with such verve.} 1-0

[Event "Linares"]
[Site "3"]
[Date "1981.??.??"]
[Round "1"]
[White "Karpov, Anatoly"]
[Black "Quinteros, Miguel"]
[Result "1-0"]
[WhiteElo "2690"]
[BlackElo "2505"]
[Annotator "JvR"]
[PlyCount "93"]
[EventDate "1981.??.??"]

1. d4 Nf6 2. c4 c5 3. Nf3 cxd4 4. Nxd4 e6 5. g3 d5 6. Bg2 e5 7. Nf3 d4 8. O-O
Nc6 9. e3 Bg4 10. h3 Bxf3 11. Bxf3 Be7 12. exd4 exd4 13. Bf4 O-O 14. Nd2 h6 15.
Re1 Bd6 16. Bxd6 Qxd6 17. Nb3 Rad8 $6 (17... d3 {advances the passed pawn at
the right time.}) 18. c5 Qc7 19. Rc1 Rd7 20. Bg2 Rfd8 21. Qd3 $5 Re7 22. Rxe7
Qxe7 23. Rd1 (23. Bxc6 $1 bxc6 24. Rc4 $1 {strikes at the centre pawn.}) 23...
Qe6 24. Kf1 Rd7 25. Qe2 Qf5 $1 26. Kg1 Re7 27. Qf1 Ne4 28. Nxd4 Nxd4 29. Rxd4
Nxc5 30. Rd8+ Kh7 31. Qd1 b6 32. Rd4 Rd7 $6 (32... a5 $1 {prevents the next
move (Bukic).}) 33. b4 $1 Rxd4 34. Qxd4 Ne6 35. Qd7 $1 a5 36. a3 axb4 37. axb4
{The resistance has become shaky.} Kg6 $2 (37... Qf6 $1 38. Qa7 Nd8 {tries to
establish a new defence line.}) 38. Qd6 Qb1+ $6 39. Kh2 Qf5 ({The pointe is} 
39... b5 $2 40. Qe5 Qxb4 41. Be4+) 40. Qxb6 h5 41. h4 Kf6 42. Bh3 Qe4 43. Bxe6
fxe6 44. Qc5 e5 45. b5 Qb7 46. Qd6+ $1 Kf5 47. b6 1-0

[Event "Linares"]
[Site "3"]
[Date "1981.??.??"]
[Round "2"]
[White "Portisch, Lajos"]
[Black "Karpov, Anatoly"]
[Result "0-1"]
[WhiteElo "2650"]
[BlackElo "2690"]
[Annotator "JvR"]
[PlyCount "74"]
[EventDate "1981.??.??"]

1. c4 e5 2. Nc3 Nf6 3. g3 d5 4. cxd5 Nxd5 5. Bg2 Nb6 6. Nf3 Nc6 7. d3 Be7 8. a3
Be6 9. b4 a6 10. Bb2 Qd7 11. Ne4 f6 12. Qc2 Bh3 13. O-O Bxg2 14. Kxg2 g5 $5 15.
d4 $6 g4 $1 16. Nh4 exd4 17. Nf5 $1 O-O-O 18. Rfd1 {Black takes over the
initiative.} Nc4 $1 19. Nxe7+ Qxe7 20. Nc5 Nxb2 21. Qxb2 h5 22. Rac1 Rd5 23.
Qc2 Qd6 24. Nd3 h4 25. Nf4 f5 $6 ({Stronger is} 25... hxg3 26. hxg3 Rg5) 26.
Nxd5 Qxd5+ 27. f3 Kb8 28. Qd3 Qe6 29. fxg4 fxg4 30. Rf1 hxg3 31. hxg3 Qd5+ 32.
e4 $1 Qe6 33. Rce1 Qd6 34. Rh1 Rd8 35. Qc4 d3 36. Qc5 $2 ({The cautious} 36.
Qc3 {counters the threats.}) 36... d2 $1 37. Rd1 ({The pointe is} 37. Qxd6
dxe1=N+ $1) 37... Qd3 0-1

[Event "Linares"]
[Site "3"]
[Date "1981.??.??"]
[Round "3"]
[White "Christiansen, Larry"]
[Black "Gligoric, Svetozar"]
[Result "1-0"]
[WhiteElo "2515"]
[BlackElo "2530"]
[Annotator "JvR"]
[PlyCount "83"]
[EventDate "1981.??.??"]

1. d4 Nf6 2. c4 e6 3. Nf3 d5 4. Nc3 Be7 5. Bg5 O-O 6. e3 h6 7. Bxf6 Bxf6 8. Rc1
c6 9. Bd3 Nd7 10. O-O dxc4 11. Bxc4 e5 12. Bb3 exd4 13. exd4 Nb6 ({Usual is} 
13... Re8 {(Gligoric-Spassky, Soviet Union 1865).}) 14. Ne5 $1 Nd5 $2 ({Better
is} 14... Bxe5 15. dxe5 {(Taimanov-Lenguel, Tallinn 1975)} Qe7) 15. Nxd5 cxd5
16. Qd3 g6 $2 ({More resistance is offered by} 16... Bxe5 17. dxe5 Be6 {
(Kharitonov).}) 17. Rfe1 Bf5 18. Qb5 Bg5 19. Rc5 b6 20. Rxd5 Qe8 21. Qf1 $1 Qc8
{Gligoric has no proper defence.} ({Or} 21... Be6 22. Nxg6 $1 fxg6 23. Rxe6 $1
{(Bukic).}) 22. Rd6 Kg7 23. f4 Be7 24. Rc6 Qd8 25. Qf2 Bh4 26. g3 Bf6 27. Rd1
Rc8 28. Rxc8 Qxc8 29. d5 Bg4 30. Re1 Bh3 31. d6 Qb7 32. Rd1 b5 33. Bd5 Qa6 34.
Bg2 $1 Be6 35. a3 Bd8 36. Kh1 Bb6 37. Qe2 Qa4 38. Bd5 Bh3 39. Nxf7 $1 Rxf7 40.
b3 Qxa3 41. Qe5+ Kh7 (41... Kf8 42. Qh8#) 42. Bxf7 1-0

[Event "Linares"]
[Site "3"]
[Date "1981.??.??"]
[Round "4"]
[White "Quinteros, Miguel"]
[Black "Christiansen, Larry"]
[Result "0-1"]
[WhiteElo "2505"]
[BlackElo "2515"]
[Annotator "JvR"]
[PlyCount "92"]
[EventDate "1981.??.??"]

1. Nf3 Nf6 2. c4 b6 3. g3 Bb7 4. Bg2 c5 5. O-O g6 6. Nc3 Bg7 7. d4 cxd4 8. Nxd4
Bxg2 9. Kxg2 O-O 10. e4 Na6 $5 ({More solid is} 10... Nc6 {(Botvinnik-Lilientha
Botvinnik-Lilienthal, Moscow 1936).}) 11. Be3 Rc8 12. b3 Nc5 13. f3 d6 14. Qd2
a6 15. Rac1 e6 16. Rfd1 Qc7 17. Nde2 Rfd8 18. Bg5 Qb7 $2 {A tactical phase
begins.} 19. Qf4 $6 (19. e5 $1 Ng4 $1 {(Kharitonov)} 20. Bxd8 Nxe5 21. Qe3 Rxd8
22. b4 $1 {gains an advantage.}) 19... Nh5 20. Qh4 f6 21. Be3 f5 $1 22. exf5
exf5 23. Bg5 Re8 $5 24. Rxd6 b5 $1 25. Ng1 $4 ({Right is} 25. b4 $1 Nd7 26. c5)
25... Bxc3 $1 26. Rxc3 Ne4 $1 {Christiansen strikes back.} 27. Rcd3 (27. fxe4
Rxe4 $1 {wins material.}) 27... Nxd6 28. Rxd6 bxc4 29. bxc4 Qb2+ 30. Bd2 Qxa2
31. Qd4 Qxc4 32. Qxc4+ Rxc4 33. Rxa6 Rc2 34. Rd6 Re1 35. f4 Nf6 36. Nf3 Re2+
37. Kf1 Rf2+ $1 38. Kxf2 Ne4+ 39. Ke3 Nxd6 40. Kd3 Ra2 41. Be3 Ne4 42. Bd4 Kf7
43. g4 Ra3+ 44. Ke2 fxg4 45. Ne5+ Ke6 46. Nxg4 Kf5 {Larry took the lead.} 0-1

[Event "Linares"]
[Site "3"]
[Date "1981.??.??"]
[Round "5"]
[White "Christiansen, Larry"]
[Black "Portisch, Lajos"]
[Result "1-0"]
[WhiteElo "2515"]
[BlackElo "2650"]
[Annotator "JvR"]
[PlyCount "61"]
[EventDate "1981.??.??"]

1. c4 c5 2. Nc3 Nf6 3. Nf3 e6 4. g3 Nc6 5. Bg2 d5 6. cxd5 Nxd5 7. O-O Be7 8. d4
O-O 9. e4 Nxc3 10. bxc3 cxd4 11. cxd4 Bf6 12. Bb2 b6 13. Rb1 Bb7 $5 ({My
preference goes to} 13... Ba6 $1 14. Re1 Rc8) 14. d5 $1 exd5 15. exd5 Na5 16.
Ne5 Bxe5 $6 ({Another fatal line is} 16... Rc8 $6 17. Re1 Nc4 18. Nxc4 Rxc4 19.
d6 {(Berg-Velikov, Pernik 1984).}) ({Byrne and Mednis analyse} 16... Qd6 17.
Nc6 $1 Nc4 18. Bxf6 Qxf6 19. Qd3 Nd6 {and White has an advantage.}) 17. Bxe5
Rc8 ({Not} 17... Nc4 $2 18. Bxg7 $1) 18. Rc1 Qd7 19. Bc3 Ba6 20. Re1 Nb7 21.
Qd4 f6 22. Bb4 Rxc1 23. Rxc1 Rc8 24. Rxc8+ Qxc8 25. h4 Bb5 26. d6 Nc5 27. Qd5+
$1 Kf8 28. Qe4 $1 {Christiansen has found a beautiful decision.} Kf7 ({The
point is} 28... Nxe4 29. d7+) 29. Qe7+ Kg6 30. h5+ Kxh5 31. Qf7+ {Lajos
started with 1 out of 5. Larry had scored 4 1/2 points!} 1-0

[Event "Linares"]
[Site "3"]
[Date "1981.??.??"]
[Round "5"]
[White "Ljubojevic, Ljubomir"]
[Black "Karpov, Anatoly"]
[Result "0-1"]
[WhiteElo "2605"]
[BlackElo "2690"]
[Annotator "JvR"]
[PlyCount "124"]
[EventDate "1981.??.??"]

1. e4 c6 2. d4 d5 3. Nc3 dxe4 4. Nxe4 Bf5 5. Ng3 Bg6 6. Nf3 Nd7 7. h4 h6 8. h5
Bh7 9. Bd3 Bxd3 10. Qxd3 e6 11. Bf4 Qa5+ 12. Bd2 Qc7 13. O-O-O Ngf6 14. Ne4
O-O-O 15. g3 Nc5 16. Nxc5 Bxc5 17. Qc4 Bd6 18. Qa4 Kb8 19. Ne5 Nd5 20. f4 Nb6
21. Qb3 Bxe5 22. dxe5 Nd5 23. c4 Ne7 24. Be3 c5 25. Rxd8+ Rxd8 26. Rd1 Rxd1+
27. Qxd1 b6 28. Qd3 (28. g4 $1 Nc8 29. Qf3 {keeps a plus.}) 28... g6 $1 29.
hxg6 fxg6 30. a3 a5 31. b3 h5 32. Qe4 Nf5 33. Bf2 Qd7 {Black has improved his
position.} 34. a4 Kc7 35. Kc2 Qd8 $1 36. Kc1 $2 (36. Qh1 $1 {prevents the next
move.}) 36... g5 $1 37. fxg5 Qxg5+ 38. Kc2 $2 ({Right is} 38. Kb2 $1 Ne7 39.
Qe3 $1) 38... Ne7 39. Qh7 ({No use has} 39. Qe3 Qf5+ $1 40. Kc3 Ng6) 39... Kd7
40. Qe4 Qf5 41. Qd3+ Kc6 42. Qxf5 exf5 $1 43. Be3 Ng6 44. e6 $1 Kd6 45. Bg5
Kxe6 46. Kd2 f4 $1 47. gxf4 h4 48. Ke3 h3 49. Kf3 Kf5 50. Kg3 Nxf4 $1 51. Bd8
Ne2+ 52. Kxh3 Nd4 53. Bxb6 Nxb3 54. Bd8 Ke4 55. Kg4 Kd3 56. Kf4 Kxc4 57. Ke4
Kc3 58. Bf6+ Kc2 59. Be5 c4 60. Ke3 c3 61. Bf6 Nc5 62. Ke2 ({Or} 62. Bd8 Kd1 $1
63. Bxa5 c2 64. Bd2 Nb3 {(Karpov).}) 62... Kb3 0-1

[Event "Linares"]
[Site "3"]
[Date "1981.??.??"]
[Round "6"]
[White "Karpov, Anatoly"]
[Black "Christiansen, Larry"]
[Result "1-0"]
[WhiteElo "2690"]
[BlackElo "2515"]
[Annotator "JvR"]
[PlyCount "81"]
[EventDate "1981.??.??"]

1. e4 d6 2. d4 Nf6 3. Nc3 g6 4. f4 Bg7 5. Nf3 O-O 6. Be3 Nc6 7. Qd2 e5 $5 8.
dxe5 $1 dxe5 9. Qxd8 Rxd8 10. fxe5 Ng4 11. Bg5 Rd7 $1 12. Bb5 h6 $6 (12...
Ngxe5 $1 13. Nxe5 Bxe5 14. Nd5 Kg7 15. O-O-O f6 $1 {can be played.}) 13. Bd2 $6
({Better is} 13. Bf4 $1 g5 $1 14. Bd2 $1 {(Seres-Oppenrieder, corr. DDR 1988).}
) 13... Rd8 14. Nd5 Ncxe5 15. Nxc7 Rb8 16. h3 $6 (16. c3 {consolidates the
position.}) 16... Nxf3+ 17. gxf3 Nf2 $1 18. Rf1 Bxb2 $1 19. Rb1 Bd4 20. Nd5
Nxh3 21. Bxh6 Be6 22. Rd1 Be5 23. f4 $6 ({More useful is} 23. Rh1 $1 {(Timman).
}) 23... Bg7 $6 (23... Kh7 $1 24. fxe5 Kxh6 {gains a plus.}) 24. Bxg7 Kxg7 25.
Rd3 g5 $2 (25... Rbc8 $1 26. f5 $1 Bxd5 27. Rxd5 Rxd5 28. exd5 gxf5 $1 29. Rxf5
f6 {equalises.}) 26. Rg3 $1 Bxd5 27. exd5 Rxd5 28. Bd3 Rh8 29. Rff3 Nxf4 30.
Rxf4 Rh2 31. a4 b6 32. Rc4 Rh1+ 33. Kd2 Ra1 34. Rf3 Rd7 35. Rf5 f6 36. Kc3 Rf7
37. Rd5 Rg1 38. Rc8 g4 39. Rh5 f5 40. Bxf5 g3 41. Rh7+ {The champ had restored
the rank order.} 1-0

[Event "Linares"]
[Site "3"]
[Date "1981.??.??"]
[Round "7"]
[White "Christiansen, Larry"]
[Black "Ribli, Zoltan"]
[Result "1/2-1/2"]
[WhiteElo "2515"]
[BlackElo "2585"]
[Annotator "JvR"]
[PlyCount "72"]
[EventDate "1981.??.??"]

1. d4 Nf6 2. Nf3 e6 3. c4 b6 4. Bf4 Bb7 5. Nc3 Bb4 6. Qb3 Bxc3+ 7. Qxc3 O-O 8.
e3 d6 9. Be2 Nbd7 10. h3 Qe7 11. Rd1 Rfd8 12. O-O c5 13. b4 cxd4 14. exd4 a5
15. a3 axb4 16. Qxb4 Ne8 17. Rfe1 Ndf6 18. Nd2 b5 19. Qxb5 Rdb8 20. Qg5 Rxa3
21. Ra1 Rba8 22. Rxa3 Rxa3 23. Rb1 Bc6 24. Be3 h6 25. Qf4 Qd7 26. h4 Qc8 27. d5
$6 {Christiansen plays too risky in an effort to win.} exd5 28. Bd4 Qe6 $1 29.
Bf3 Ra6 30. Rb8 Kh7 31. Bxf6 Nxf6 32. Rd8 Bb7 33. cxd5 $6 Bxd5 34. Qd4 $2 Ra3
$2 ({Ribli misses the win} 34... Qe1+ $1 35. Kh2 Ra2 36. Qd3+ g6 37. Qd4 Qe5+
$1 38. Qxe5 dxe5) 35. Bxd5 Nxd5 36. Qe4+ Qxe4 1/2-1/2

[Event "Linares"]
[Site "3"]
[Date "1981.??.??"]
[Round "8"]
[White "Karpov, Anatoly"]
[Black "Bellon Lopez, Juan"]
[Result "1/2-1/2"]
[WhiteElo "2690"]
[BlackElo "2415"]
[Annotator "JvR"]
[PlyCount "117"]
[EventDate "1981.??.??"]

1. e4 c5 2. Nf3 e6 3. d4 cxd4 4. Nxd4 a6 5. Bd3 Nf6 6. O-O d6 7. c4 Be7 8. Nc3
O-O 9. Qe2 Re8 10. Rd1 Qc7 11. Be3 b6 12. Rac1 Bb7 13. f4 Bf8 14. Kh1 Nbd7 15.
b4 Rac8 16. Nb3 Qb8 17. Bd2 g6 18. Rf1 Qa8 19. a3 Bg7 20. a4 d5 $1 {Black
liberates his position elegantly.} 21. cxd5 Nxe4 $1 22. Bxe4 exd5 23. Nxd5 Bxd5
24. Bxd5 Qxd5 25. Rxc8 Rxc8 26. Rf3 b5 27. axb5 axb5 28. h3 Bf8 29. Rd3 Qc4 30.
Na5 Re8 $1 31. Nxc4 Rxe2 32. Rxd7 bxc4 33. b5 Re6 34. Bc3 Rb6 35. Rd5 Rd6 36.
Rd4 Rxd4 37. Bxd4 Bd6 38. g3 Kf8 39. Kg2 Ke7 40. Kf3 Ke6 41. Be3 Kd5 42. Ke2
Bc5 43. b6 Bd6 44. Kd2 Bb4+ 45. Kc2 Kc6 {Black has a plus. Accurate steps by
the white king are needed.} 46. Kb2 $1 f5 ({The pointe is} 46... Ba5 47. Ka3 $1
) 47. Bf2 h5 48. h4 Kb7 49. Ka2 $1 Ba5 50. Ka3 $1 Bc3 51. Ka4 Bd2 52. Ka3 Ba5
53. Ka4 Bd2 54. Ka3 Kc6 55. Ka4 Bc3 56. b7 Kxb7 57. Kb5 Bd2 58. Kxc4 Kc6 59.
Kd3 1/2-1/2

[Event "Linares"]
[Site "3"]
[Date "1981.??.??"]
[Round "10"]
[White "Christiansen, Larry"]
[Black "Garcia Gonzales, Guillermo"]
[Result "1-0"]
[WhiteElo "2515"]
[BlackElo "2520"]
[Annotator "JvR"]
[PlyCount "107"]
[EventDate "1981.??.??"]

1. d4 Nf6 2. Nf3 e6 3. c4 b6 4. e3 Bb7 5. Bd3 Bb4+ 6. Nbd2 O-O 7. O-O d5 8. a3
Be7 9. b3 Nbd7 10. Bb2 c5 11. Qe2 Ne4 12. cxd5 exd5 {So far, they have
followed the quiet game Malich-Ivkov, Halle 1963.} 13. Rfd1 Bf6 $5 14. Ne5 Bxe5
15. dxe5 Qe7 16. Bxe4 dxe4 17. Nc4 Ba6 18. Rd5 Rfd8 19. Rad1 Nf8 $1 20. Rd6
Rxd6 21. exd6 $5 Qe6 22. Qh5 $6 {White wants to bring new life to the game.}
Bxc4 23. bxc4 f6 ({The adventurous} 23... Qxc4 $1 24. Bxg7 $1 Kxg7 25. d7 Nxd7
26. Rxd7 Qe6 {leads to a difficult position.}) 24. Rd5 Rd8 25. Qd1 Rd7 26. a4
a5 $6 27. h3 Ng6 28. Bc3 Nf8 29. Qb1 $5 Rxd6 30. Rxd6 Qxd6 31. Qxe4 Qd1+ 32.
Kh2 Qd6+ ({Not} 32... Qxa4 $2 33. Qd5+ Kh8 34. Qf7 {(Kharitonov).}) 33. f4 Kf7
34. Be1 Qe6 35. Qd3 {Karpov would have exchanged the queens and get fine
chances. Christiansen plays tactically.} Qd7 36. Qc2 Ke7 37. Bg3 Kf7 38. e4 Qd4
39. e5 fxe5 40. fxe5 Kg8 $5 41. Qb3 h5 $1 42. e6 $1 {The bishop needs more
territory.} (42. Qxb6 h4 43. Bxh4 $1 Qxh4 44. Qxc5 Qf4+ {favours Black.}) 42...
Nxe6 $2 {Black plays the obvious move.} ({Right is} 42... h4 $1 43. e7 $1 hxg3+
44. Qxg3 Kf7 45. exf8=Q+ Kxf8 {and White cannot win the queen ending.}) 43.
Qxb6 Qxc4 44. Qxa5 h4 $6 ({The last chance gives} 44... Qe4 $1 {but} 45. Qb5 $1
Kh7 $1 46. a5 h4 47. Bd6 Nf4 48. Qf1 $1 Nd3 49. Qf3 {wins for White.}) 45. Qa8+
$1 Kh7 46. Be5 Qe2 47. Qd5 Nd4 48. Bxd4 cxd4 49. Qxd4 Qe1 50. Qf4 Kg6 51. Qc7
$1 Qb4 52. a5 Qa3 53. Qb6+ Kh7 54. a6 $1 ({The pointe is} 54. a6 Qg3+ 55. Kh1
$1 Qe1+ 56. Qg1 Qa5 57. a7) 1-0

[Event "Linares"]
[Site "3"]
[Date "1981.??.??"]
[Round "11"]
[White "Bellon Lopez, Juan"]
[Black "Christiansen, Larry"]
[Result "0-1"]
[WhiteElo "2415"]
[BlackElo "2515"]
[Annotator "JvR"]
[PlyCount "98"]
[EventDate "1981.??.??"]

1. e4 d6 2. d4 g6 3. g3 Bg7 4. Bg2 Nc6 5. Ne2 e5 6. dxe5 dxe5 7. Qxd8+ Nxd8 8.
b3 Ne7 9. Na3 Bd7 10. Bb2 Ne6 11. Nc4 Nc6 12. O-O-O O-O-O 13. Kb1 Rhe8 14. Nc1
f6 15. h4 h5 16. Nd3 b6 17. Ne3 Ncd4 18. f4 Bb5 19. c4 Bc6 20. Nd5 Bb7 21. Rhf1
c6 22. Ne3 Bh6 23. Bh3 Kb8 24. Rf2 Nc7 25. Bg2 Bc8 26. Nb4 Bb7 27. Nbc2 Nxc2
28. Kxc2 Ne6 29. Rxd8+ Rxd8 30. Nf1 Nd4+ 31. Bxd4 exd4 32. Kd3 c5 33. Nd2 Re8
34. b4 cxb4 35. Nb3 Bf8 36. e5 $2 {White takes a needless risk by giving a
pawn.} ({Correct is} 36. f5 $1 gxf5 37. Rxf5 Bd6 38. Rxh5 Bxg3 39. Nxd4) 36...
Bxg2 37. Rxg2 fxe5 38. Re2 Bd6 39. Nxd4 Kb7 40. fxe5 $2 ({The last chance
brings} 40. Nf3 Rd8 41. Ke4 exf4 42. gxf4 Be7 43. f5) 40... Rxe5 41. Rf2 Re7
42. Ne2 Bc5 43. Rf3 a5 44. Nf4 Rf7 45. Ke4 Bd6 46. Rd3 (46. Nxg6 Rxf3 47. Kxf3
a4 $1 {and Black wins easily (Kharitonov).}) 46... Bxf4 47. gxf4 Re7+ 48. Kf3
Kc6 49. Rd5 Re1 {Christiansen ended with the same number of points as Karpov,
but Tolya has a higher Sonneborn-Berger score.} 0-1

[Event "Linares"]
[Site "3"]
[Date "1981.??.??"]
[Round "11"]
[White "Gligoric, Svetozar"]
[Black "Karpov, Anatoly"]
[Result "1/2-1/2"]
[WhiteElo "2530"]
[BlackElo "2690"]
[PlyCount "44"]
[EventDate "1981.??.??"]

1. d4 Nf6 2. c4 e6 3. Nf3 b6 4. a3 Bb7 5. Nc3 d5 6. Bg5 Be7 7. e3 Nbd7 8. Rc1
O-O 9. cxd5 exd5 10. Be2 c5 11. O-O Rc8 12. Qb3 c4 13. Qc2 a6 14. Qf5 b5 15.
Rfd1 Nb6 16. Nd2 Ne4 17. Ndxe4 dxe4 18. Bf4 g6 19. Qh3 Nd5 20. Bh6 Nxc3 21.
Rxc3 Re8 22. f4 exf3 {Karpov could freewheel in the last three games, because
he would win Linares anyway.} 1/2-1/2

[Event "Linares"]
[Site "4"]
[Date "1983.??.??"]
[Round "2"]
[White "Andersson, Ulf"]
[Black "Seirawan, Yasser"]
[Result "1-0"]
[WhiteElo "2635"]
[BlackElo "2600"]
[Annotator "JvR"]
[PlyCount "81"]
[EventDate "1983.??.??"]

1. Nf3 c5 2. c4 Nc6 3. g3 g6 4. Bg2 Bg7 5. Nc3 e5 6. O-O d6 7. a3 Nge7 8. Rb1
a5 9. d3 O-O 10. Bg5 f6 11. Be3 Be6 12. Ne1 Qd7 13. Nc2 a4 14. b3 axb3 15. Rxb3
Rfb8 16. Qb1 Ra6 17. Rb6 Qc7 18. Rb2 b6 19. Bd2 Qd8 20. a4 f5 21. Ne3 Nb4 $5
22. Rxb4 $5 {White makes a valiant sacrifice.} cxb4 23. Qxb4 {Andersson exerts
pressure on weak pawns.} Qd7 24. Rb1 Rd8 25. Qb3 Kh8 $6 26. Nc2 h6 27. Nb4 Ra5
28. h4 f4 29. Kh2 Kh7 $6 {Seirawan loses a second tempo.} 30. Nbd5 Nxd5 31.
cxd5 Bf5 32. Qxb6 Rc5 $6 (32... Rda8 {is more useful.}) 33. a5 Rdc8 34. Rb3
fxg3+ 35. fxg3 e4 $2 ({Black should play} 35... Ra8 {and suffer.}) 36. Nxe4 Rc2
37. Qe3 Qa4 $2 ({Correct is} 37... Ra2) 38. Rb7 $1 R8c7 39. Rxc7 Rxc7 40. Nxd6
Rc2 41. Nxf5 1-0